| 000 | 00540 a2200181 4500 | ||
|---|---|---|---|
| 999 |
_c9610 _d9610 |
||
| 050 | _aKTZ2.23.A2Z56ROW | ||
| 100 |
_dRowland John Reid _eeditor |
||
| 245 |
_aZimbabwe law reports : _b2006 Part 1 / _c Rowland John Reid [et...al] |
||
| 264 |
_aHarare:Zimbabwe: _bLegal Resources Foundation WO41/84, _c2006 |
||
| 300 | _a554p. : | ||
| 500 | _aincludes subject index | ||
| 650 | _alaw report | ||
| 700 | _aColegrave J B | ||
| 700 | _aMcNally N J | ||
| 700 | _aNdlovu M E | ||
| 700 | _aSmith L G | ||
| 942 |
_2lcc _cSERIALS _h2.23.A2Z56 _iROR _kKTZ |
||